Quiz sur l'Empire moghol - Statistiques

Statistiques générales
  • Ce quiz a été pris 199 fois
  • Le résultat moyen est 8 sur 17
Statistiques - réponses
Questions Réponses % Correct
Pays actuels faisant partie de l'Empire moghol à son apogée Inde
89%
Pays actuels faisant partie de l'Empire moghol à son apogée Pakistan
86%
Pays actuels faisant partie de l'Empire moghol à son apogée Afghanistan
84%
Pays actuels faisant partie de l'Empire moghol à son apogée Népal
80%
Pays actuels faisant partie de l'Empire moghol à son apogée Bangladesh
79%
Quel monument les moghols ont-ils construit dans cette ville ? Taj Mahal
70%
Quel empire a-t-il mis fin au règle de l'Empire moghol ? Britannique
69%
Capitale de l'Empire jusqu'en 1571, puis entre 1598 et 1648 Agra
46%
Qui est le fondateur de l'Empire Moghol ? Babur
40%
Nom de la forteresse construire par les moghols à Delhi Fort {rouge}
30%
En quelle année l'Empire a-t-il été fondé ? 1526
25%
Empire qui prend le contrôle du nord de l'Inde au XVIIème siècle Marathe
22%
Qui prendra sa succession, à l'âge de 13 ans ? Akbar
21%
Que signifie ce nom ? Le Tigre
15%
Qui est le dernier grand Moghol ? Aurangzeb
14%
Quel grand Moghol a perdu le pouvoir et est parti s'exiler en Perse ? Humayun
12%
Quel est le nom de la Mosquée construite par les moghols à Lahore ? Mosquée {Royale}
7%
Aucun quiz correspondant
Distribution des résultats
% des personnes avec chaque résultat
Percentile par nombre de réponses
Votre historique - résultats
Vous n’avez pas pris ce quiz